[Event "BdF-Diamant 06 email"]
[Site "GER email"]
[Date "2015.06.25"]
[Round "?"]
[White "Pirs, Jernej"]
[Black "Skonieczna, Barbara"]
[Result "1/2-1/2"]
[WhiteElo "2305"]
[BlackElo "2332"]
[PlyCount "77"]
[EventDate "2015.??.??"]
[EventType "tourn (corr)"]
[EventRounds "12"]
[EventCountry "GER"]
[SourceTitle "Corr 2017"]
[Source "ChessBase"]
[SourceDate "2017.09.19"]
[SourceVersion "1"]
[SourceVersionDate "2017.09.19"]
[SourceQuality "1"]

1. e4 c5 2. Nc3 Nc6 3. Nge2 e6 4. d4 cxd4 5. Nxd4 a6 6. Nxc6 bxc6 7. Bd3 d5 8. 0-0 Nf6 9. Qf3 Be7 10. e5 Nd7 11. Qg3 Kf8 12. Ne2 Qc7 13. Bf4 c5 14. c4 d4 15. b4 Bb7 16. Rad1 h5 17. h4 Qd8 18. bxc5 Bxh4 19. Qh3 Nxc5 20. Bc2 d3 21. Nc1 Be7 22. Nxd3 Nxd3 23. Bxd3 Qc7 24. Be2 Rc8 25. Rd6 Qc5 26. Bf3 Bxd6 27. Bxb7 Be7 28. Bxc8 Qxc8 29. Qe3 Kg8 30. Qe4 h4 31. Rc1 h3 32. c5 hxg2 33. Kxg2 Bd8 34. c6 Rh4 35. Qf3 a5 36. Rd1 Rxf4 37. Qxf4 Qxc6+ 38. Qf3 Qc8 39. Rh1 1/2-1/2

[Event "BdF-Diamant 06 email"]
[Site "GER email"]
[Date "2015.06.25"]
[Round "?"]
[White "Skonieczna, Barbara"]
[Black "Zimmermann, Falk"]
[Result "1-0"]
[WhiteElo "2332"]
[BlackElo "2252"]
[PlyCount "129"]
[EventDate "2015.??.??"]
[EventType "tourn (corr)"]
[EventRounds "12"]
[EventCountry "GER"]
[SourceTitle "Corr 2017"]
[Source "ChessBase"]
[SourceDate "2017.09.19"]
[SourceVersion "1"]
[SourceVersionDate "2017.09.19"]
[SourceQuality "1"]

1. e4 e5 2. Nf3 Nc6 3. c3 d5 4. Qa4 f6 5. d3 Be6 6. Be3 Bd6 7. d4 dxe4 8. dxe5 exf3 9. exd6 Qxd6 10. Nd2 Nge7 11. Nxf3 Rd8 12. Be2 0-0 13. Bf4 Qd7 14. 0-0 Nd5 15. Bg3 Nb6 16. Qf4 Qf7 17. b3 Rfe8 18. Rfe1 Nd5 19. Qc1 Bg4 20. b4 a6 21. a4 Bh5 22. b5 Na5 23. Qc2 axb5 24. axb5 b6 25. Bf1 Bxf3 26. Rxe8+ Rxe8 27. gxf3 f5 28. c4 Nb4 29. Qc3 c5 30. bxc6 Nbxc6 31. Bf4 Rc8 32. c5 bxc5 33. Rxa5 Nxa5 34. Qxa5 Qg6+ 35. Bg2 Qf6 36. h3 h6 37. Qe1 c4 38. Be5 Qe7 39. Qc3 Kh7 40. f4 Qf7 41. Kh2 Rd8 42. Qc2 h5 43. Bf3 Re8 44. Qd1 Qa7 45. Kg1 Re6 46. Bd5 Rg6+ 47. Kf1 Kh6 48. Bxc4 Qa3 49. Ke2 Qc5 50. Bd3 Re6 51. Qa4 Rxe5+ 52. fxe5 Qxe5+ 53. Kf1 g6 54. h4 Qd5 55. Qf4+ Kg7 56. Qc4 Qe5 57. Kg2 Qd6 58. Be2 Qe5 59. Bf3 Qf6 60. Qc7+ Kh6 61. Qc8 Qd4 62. Qg8 Qe5 63. Bd5 Qf6 64. Qe8 Kg7 65. Qd7+ 1-0

[Event "BdF-Diamant 06 email"]
[Site "GER email"]
[Date "2015.06.25"]
[Round "?"]
[White "Walther, Joachim"]
[Black "Skonieczna, Barbara"]
[Result "1/2-1/2"]
[WhiteElo "2265"]
[BlackElo "2332"]
[PlyCount "55"]
[EventDate "2015.??.??"]
[EventType "tourn (corr)"]
[EventRounds "12"]
[EventCountry "GER"]
[SourceTitle "Corr 2017"]
[Source "ChessBase"]
[SourceDate "2017.09.19"]
[SourceVersion "1"]
[SourceVersionDate "2017.09.19"]
[SourceQuality "1"]

1. e4 c5 2. Nf3 d6 3. d4 cxd4 4. Nxd4 Nf6 5. Nc3 a6 6. Bg5 e6 7. f4 Qb6 8. Qd2 Qxb2 9. Rb1 Qa3 10. e5 dxe5 11. fxe5 h6 12. Bh4 Nfd7 13. Ne4 Qxa2 14. Rd1 Qd5 15. Qe3 Qxe5 16. Be2 Bc5 17. Bg3 Qd5 18. c4 Bxd4 19. Rxd4 Qa5+ 20. Rd2 0-0 21. Bd6 Rd8 22. Qg3 Nc6 23. 0-0 f5 24. Bc7 Qb4 25. Qg6 Qe7 26. Bxd8 Nxd8 27. Nd6 Nf6 28. Re1 1/2-1/2